[Event "Tamil Nadu IM 15th"]
[Site "Chennai"]
[Date "2024.01.28"]
[Round "9"]
[White "Murugan, Krishnamoorthy"]
[Black "Surendran, N."]
[Result "0-1"]
[WhiteElo "2238"]
[BlackElo "2177"]
[PlyCount "108"]
[EventDate "2024.01.23"]
[EventType "tourn"]
[EventRounds "9"]
[EventCountry "IND"]
[EventCategory "1"]
[SourceTitle "CB05_2024"]
[SourceDate "2024.01.31"]
[SourceVersion "1"]
[SourceVersionDate "2024.01.31"]
[SourceQuality "1"]

1. d4 Nf6 2. c4 e6 3. Nf3 d5 4. g3 dxc4 5. Qa4+ Nbd7 6. Bg2 a6 7. Qxc4 b5 8. Qc6 Rb8 9. Bf4 Bb4+ 10. Nbd2 Bb7 11. Qc1 Nd5 12. 0-0 Nxf4 13. gxf4 Rc8 14. a3 Bd6 15. Ne5 Bxg2 16. Kxg2 c5 17. Ne4 Nf6 18. Nxd6+ Qxd6 19. Rd1 c4 20. Qe3 0-0 21. Qf3 Nd5 22. e4 Ne7 23. d5 exd5 24. exd5 Rc5 25. Nc6 Nxc6 26. dxc6 Qg6+ 27. Kh1 Qxc6 28. Qxc6 Rxc6 29. Rd4 Re8 30. Kg2 g6 31. Kf3 c3 32. bxc3 Rxc3+ 33. Kg2 Rc4 34. Rxc4 bxc4 35. Kf3 Kg7 36. Rc1 Rc8 37. Rc3 Kf6 38. Ke4 Re8+ 39. Kf3 Rb8 40. Rxc4 Rb3+ 41. Ke4 Rxa3 42. Rc6+ Kg7 43. h4 f5+ 44. Ke5 Rf3 45. Rxa6 Rxf2 46. Ra7+ Kh6 47. h5 Rb2 48. hxg6 hxg6 49. Ra1 Rb6 50. Rh1+ Kg7 51. Rc1 Rb4 52. Re1 Rb8 53. Kd4 Rd8+ 54. Kc3 Kf6 0-1

[Event "Tamil Nadu IM 15th"]
[Site "Chennai"]
[Date "2024.01.27"]
[Round "7"]
[White "Nihal, Swarna"]
[Black "Surendran, N."]
[Result "0-1"]
[WhiteElo "2131"]
[BlackElo "2177"]
[PlyCount "108"]
[EventDate "2024.01.23"]
[EventType "tourn"]
[EventRounds "9"]
[EventCountry "IND"]
[EventCategory "1"]
[SourceTitle "CB05_2024"]
[SourceDate "2024.01.31"]
[SourceVersion "1"]
[SourceVersionDate "2024.01.31"]
[SourceQuality "1"]

1. d4 Nf6 2. c4 e6 3. Nc3 Bb4 4. Nf3 d5 5. Qa4+ Nc6 6. e3 0-0 7. Bd2 Re8 8. Rd1 a6 9. a3 Bd6 10. Qc2 h6 11. Bc1 dxc4 12. Bxc4 e5 13. Qb3 Qe7 14. Nd5 Nxd5 15. Bxd5 e4 16. Nd2 Bg4 17. f3 Nxd4 18. Qc4 exf3 19. Nxf3 Bxf3 20. gxf3 Qh4+ 21. Kf1 Qh3+ 22. Kf2 Ne6 23. Bxb7 Rab8 24. Bc6 Red8 25. Qg4 Qxg4 26. fxg4 Bxh2 27. Rxd8+ Nxd8 28. Bd5 Bd6 29. b3 Ne6 30. Kg2 a5 31. Rf1 Rb5 32. e4 Rc5 33. Bc4 a4 34. Be3 Rc6 35. Rb1 Bxa3 36. Bxe6 Rxe6 37. bxa4 Rxe4 38. Kf3 Rxa4 39. Ra1 Ra5 40. Bd2 Rd5 41. Bf4 Bd6 42. Ra8+ Kh7 43. Rd8 f6 44. Rd7 Rd4 45. Bh2 Rd2 46. Bxd6 cxd6 47. Ke3 Rd5 48. Ke4 Re5+ 49. Kf4 d5 50. Kf3 h5 51. gxh5 Rxh5 52. Kg4 Re5 53. Kf3 Kh6 54. Rd6 Kg5 0-1

[Event "Tamil Nadu IM 15th"]
[Site "Chennai"]
[Date "2024.01.26"]
[Round "6"]
[White "Surendran, N."]
[Black "Touzane, Olivier"]
[Result "1-0"]
[WhiteElo "2177"]
[BlackElo "2242"]
[PlyCount "77"]
[EventDate "2024.01.23"]
[EventType "tourn"]
[EventRounds "9"]
[EventCountry "IND"]
[EventCategory "1"]
[SourceTitle "CB05_2024"]
[SourceDate "2024.01.31"]
[SourceVersion "1"]
[SourceVersionDate "2024.01.31"]
[SourceQuality "1"]

1. d4 g6 2. Nf3 Bg7 3. c4 d6 4. e4 e5 5. Be2 exd4 6. Nxd4 Nc6 7. Be3 Nf6 8. Nc3 0-0 9. 0-0 Re8 10. f3 Nh5 11. Qd2 Nf4 12. Rfd1 Nxd4 13. Bxd4 Bxd4+ 14. Qxd4 Ne6 15. Qd2 Bd7 16. Nd5 a5 17. Qc3 Bc6 18. Nf6+ Kf8 19. Nxe8 Qxe8 20. Qh8+ Ke7 21. Qxh7 Kd7 22. Bf1 Qe7 23. Qh6 Qf6 24. Qe3 Ke7 25. Rd2 Rh8 26. Re1 Rh5 27. g3 Kf8 28. Bg2 Rc5 29. f4 Rxc4 30. e5 Qe7 31. exd6 cxd6 32. Bd5 Bxd5 33. Rxd5 Qc7 34. f5 gxf5 35. Rxf5 Ke8 36. Qh6 Qe7 37. Qh8+ Kd7 38. Qh7 Ke8 39. Qg8+ 1-0

[Event "Tamil Nadu IM 15th"]
[Site "Chennai"]
[Date "2024.01.25"]
[Round "5"]
[White "Dusthageer, Ibrahim M"]
[Black "Surendran, N."]
[Result "1-0"]
[WhiteElo "2098"]
[BlackElo "2177"]
[PlyCount "159"]
[EventDate "2024.01.23"]
[EventType "tourn"]
[EventRounds "9"]
[EventCountry "IND"]
[EventCategory "1"]
[SourceTitle "CB05_2024"]
[SourceDate "2024.01.31"]
[SourceVersion "1"]
[SourceVersionDate "2024.01.31"]
[SourceQuality "1"]

1. e4 c5 2. Nf3 d6 3. d4 cxd4 4. Nxd4 Nf6 5. Nc3 a6 6. Be2 e5 7. Nb3 Be7 8. Be3 Be6 9. 0-0 0-0 10. f4 exf4 11. Bxf4 Nc6 12. Kh1 d5 13. e5 Ne4 14. Bd3 f5 15. exf6 Nxf6 16. Qe2 Qd7 17. Na4 Bg4 18. Qf2 Rae8 19. Nbc5 Bxc5 20. Nxc5 Qe7 21. Rae1 Qf7 22. Rxe8 Rxe8 23. Bg5 Ne5 24. Bxf6 Qxf6 25. Qxf6 gxf6 26. h3 Nxd3 27. Nxd3 Bh5 28. Rxf6 Bg6 29. Rd6 Re2 30. Nf4 Re1+ 31. Kh2 Bxc2 32. Rxd5 Ba4 33. Rd2 Bc6 34. Ne2 Kf7 35. Nd4 Be4 36. Nf3 Bxf3 37. gxf3 Ke6 38. Kg3 Rg1+ 39. Rg2 Ra1 40. b3 Kf5 41. Rc2 Rg1+ 42. Kf2 Rh1 43. Rc5+ Kf4 44. Rc4+ Kf5 45. Kg2 Ra1 46. a4 a5 47. Rc7 b6 48. Rc6 Rb1 49. Rxb6 Kf4 50. Rf6+ Kg5 51. Ra6 Kf4 52. Rf6+ Kg5 53. Rf7 Rxb3 54. Rxh7 Rb4 55. Rg7+ Kf4 56. Rg4+ Kf5 57. Kg3 Rb1 58. Rc4 Rg1+ 59. Kf2 Rb1 60. h4 Rh1 61. Ke3 Re1+ 62. Kd2 Rf1 63. Ke2 Ra1 64. Rg4 Ra2+ 65. Ke3 Ra3+ 66. Kf2 Ra1 67. Kg2 Ra2+ 68. Kg3 Kf6 69. h5 Ra1 70. h6 Rh1 71. Rh4 Rg1+ 72. Kf4 Rg8 73. h7 Rh8 74. Rh6+ Kf7 75. Kg5 Kg7 76. Rg6+ Kf7 77. Kh6 Rc8 78. Rg7+ Kf6 79. Rg8 Rc6 80. Rg6+ 1-0

[Event "Tamil Nadu IM 10th"]
[Site "Chennai"]
[Date "2023.12.22"]
[Round "9"]
[White "Surendran, N."]
[Black "Fedorov, Alexei"]
[Result "0-1"]
[WhiteElo "2184"]
[BlackElo "2454"]
[PlyCount "60"]
[EventDate "2023.12.17"]
[EventType "tourn"]
[EventRounds "9"]
[EventCountry "IND"]
[EventCategory "1"]
[SourceTitle "CB52_2023"]
[SourceDate "2023.12.27"]
[SourceVersion "1"]
[SourceVersionDate "2023.12.27"]
[SourceQuality "1"]

1. d4 Nf6 2. Nf3 g6 3. c4 Bg7 4. Nc3 0-0 5. e4 d6 6. Be2 e5 7. 0-0 Bg4 8. d5 a5 9. Be3 Na6 10. Qc2 Nh5 11. g3 Qd7 12. Nh4 Bxe2 13. Qxe2 Qh3 14. Rfd1 b6 15. Nb5 Bf6 16. Ng2 Be7 17. Rac1 f5 18. exf5 gxf5 19. f4 Nf6 20. fxe5 dxe5 21. d6 cxd6 22. Bxb6 Rab8 23. Ba7 Rb7 24. Qf3 Rxa7 25. Nxa7 Ng4 26. c5 e4 27. Qb3+ Rf7 28. Rc2 Qxh2+ 29. Kf1 Nxc5 30. Nf4 Qxc2 0-1

[Event "Tamil Nadu IM 10th"]
[Site "Chennai"]
[Date "2023.12.21"]
[Round "7"]
[White "Surendran, N."]
[Black "Podolchenko, Evgeniy"]
[Result "1/2-1/2"]
[WhiteElo "2184"]
[BlackElo "2376"]
[PlyCount "94"]
[EventDate "2023.12.17"]
[EventType "tourn"]
[EventRounds "9"]
[EventCountry "IND"]
[EventCategory "1"]
[SourceTitle "CB52_2023"]
[SourceDate "2023.12.27"]
[SourceVersion "1"]
[SourceVersionDate "2023.12.27"]
[SourceQuality "1"]

1. d4 Nf6 2. Nf3 e6 3. c4 d5 4. Nc3 Bb4 5. cxd5 exd5 6. Bg5 h6 7. Bxf6 Qxf6 8. Qa4+ Nc6 9. e3 0-0 10. Be2 a6 11. 0-0 Be6 12. Rfc1 Bd6 13. Qd1 Ne7 14. a3 Rfd8 15. b4 c6 16. Na4 Bf5 17. Nc5 Ra7 18. a4 Rda8 19. Qb3 g5 20. Nd3 Ng6 21. Qb2 g4 22. Nfe5 Bxd3 23. Nxd3 h5 24. b5 axb5 25. axb5 Ba3 26. Rxa3 Rxa3 27. Nb4 Ne7 28. Na6 Qd6 29. bxc6 bxa6 30. c7 Rc8 31. h3 Ra5 32. hxg4 Qa3 33. Qc2 Qa2 34. Qc3 Ra4 35. Qc5 Qxe2 36. Qxe7 Qxg4 37. Qd8+ Kh7 38. f3 Qe6 39. Qg5 Rc4 40. Rxc4 dxc4 41. d5 Qd7 42. d6 Rxc7 43. Qxh5+ Kg8 44. Qg5+ Kf8 45. Qh6+ Kg8 46. Qg5+ Kf8 47. Qh6+ Kg8 1/2-1/2

[Event "Tamil Nadu IM 10th"]
[Site "Chennai"]
[Date "2023.12.19"]
[Round "4"]
[White "Rohit, S3."]
[Black "Surendran, N."]
[Result "1-0"]
[WhiteElo "2212"]
[BlackElo "2184"]
[PlyCount "71"]
[EventDate "2023.12.17"]
[EventType "tourn"]
[EventRounds "9"]
[EventCountry "IND"]
[EventCategory "1"]
[SourceTitle "CB52_2023"]
[SourceDate "2023.12.27"]
[SourceVersion "1"]
[SourceVersionDate "2023.12.27"]
[SourceQuality "1"]

1. e4 c5 2. Nf3 d6 3. d4 cxd4 4. Nxd4 Nf6 5. Nc3 a6 6. Be3 e5 7. Nf3 Be7 8. Nd2 b5 9. a4 b4 10. Nd5 Nxd5 11. exd5 0-0 12. Nc4 Nd7 13. a5 f5 14. Bd2 Rb8 15. Ra4 Rb5 16. Bxb4 Bb7 17. Nb6 Nxb6 18. axb6 Qxb6 19. Bxb5 axb5 20. Ra5 f4 21. Qd3 f3 22. gxf3 Rf4 23. Bd2 Ra4 24. b4 Rxa5 25. bxa5 Qc5 26. Qc3 Qa7 27. Qc7 Bf8 28. 0-0 Qa8 29. c4 bxc4 30. Rb1 Ba6 31. Qc6 Qa7 32. Qe8 c3 33. Bxc3 Qc7 34. Rb8 h6 35. Qxf8+ Kh7 36. Qf5+ 1-0

[Event "Tamil Nadu IM 10th"]
[Site "Chennai"]
[Date "2023.12.17"]
[Round "1"]
[White "Rosh, Jain"]
[Black "Surendran, N."]
[Result "0-1"]
[WhiteElo "2236"]
[BlackElo "2184"]
[PlyCount "170"]
[EventDate "2023.12.17"]
[EventType "tourn"]
[EventRounds "9"]
[EventCountry "IND"]
[EventCategory "1"]
[SourceTitle "CB52_2023"]
[SourceDate "2023.12.27"]
[SourceVersion "1"]
[SourceVersionDate "2023.12.27"]
[SourceQuality "1"]

1. e4 c5 2. Nc3 d6 3. f4 g6 4. Nf3 Bg7 5. Bb5+ Bd7 6. a4 Nc6 7. d3 a6 8. Bxc6 Bxc6 9. a5 Nf6 10. 0-0 0-0 11. Qe1 Qd7 12. Nd2 Qc7 13. Nc4 Nd7 14. f5 b5 15. axb6 Nxb6 16. Nxb6 Qxb6 17. Kh1 a5 18. Nd1 c4 19. Qh4 cxd3 20. cxd3 Qd4 21. Ra3 d5 22. Be3 Qb4 23. Bg5 f6 24. fxg6 hxg6 25. Be3 dxe4 26. Rc3 Qb7 27. Qg4 Kf7 28. Rc5 Rfd8 29. Nf2 Qd7 30. Qxd7 Bxd7 31. dxe4 Rdc8 32. Nd3 Ke8 33. Rfc1 Rxc5 34. Nxc5 f5 35. Rd1 Rd8 36. exf5 gxf5 37. Bg5 Bc8 38. Re1 Be5 39. h4 Rd5 40. Nd3 Bd6 41. Nf4 Rd4 42. Ng6 e6 43. Ne5 Bb7 44. Nf3 Re4 45. Rd1 Bd5 46. Rd4 Re2 47. Rd2 Re4 48. Kg1 Rg4 49. Kh1 Be7 50. Bxe7 Kxe7 51. Kh2 Bxf3 52. gxf3 Rxh4+ 53. Kg3 Rb4 54. Kf2 Kf6 55. Re2 e5 56. Kg3 Rb3 57. Kf2 a4 58. Kg2 Rb8 59. Kf2 Rb5 60. Kg3 Rb3 61. Kf2 Kg5 62. Rxe5 Kf4 63. Re2 Rxf3+ 64. Kg2 Re3 65. Rc2 Kg4 66. Kf2 Rb3 67. Kf1 f4 68. Kg2 Rg3+ 69. Kf1 Rh3 70. Rg2+ Kf5 71. Rc2 Kg4 72. Rg2+ Rg3 73. Rc2 Rd3 74. Kg2 Rd1 75. Kf2 Rb1 76. Kg2 Ra1 77. Rc8 Ra2 78. Rg8+ Kf5 79. Kf3 Rxb2 80. Rf8+ Ke5 81. Re8+ Kd5 82. Kxf4 a3 83. Re3 a2 84. Ra3 Kc4 85. Ke3 Rb3+ 0-1

[Event "Tamil Nadu IM 10th"]
[Site "Chennai"]
[Date "2023.12.17"]
[Round "2"]
[White "Ziatdinov, Raset"]
[Black "Surendran, N."]
[Result "0-1"]
[WhiteElo "2106"]
[BlackElo "2184"]
[PlyCount "74"]
[EventDate "2023.12.17"]
[EventType "tourn"]
[EventRounds "9"]
[EventCountry "IND"]
[EventCategory "1"]
[SourceTitle "CB52_2023"]
[SourceDate "2023.12.27"]
[SourceVersion "1"]
[SourceVersionDate "2023.12.27"]
[SourceQuality "1"]

1. e4 c5 2. Nf3 d6 3. d4 cxd4 4. Nxd4 Nf6 5. Nc3 a6 6. Bg5 Nbd7 7. Qe2 h6 8. Bh4 g6 9. 0-0-0 e5 10. Nb3 Be7 11. Bxf6 Nxf6 12. g3 0-0 13. h4 b5 14. a3 Be6 15. Nd5 Nxd5 16. exd5 Bd7 17. h5 g5 18. g4 a5 19. Nd2 Rc8 20. Ne4 b4 21. Rh3 Qb6 22. Rd2 a4 23. axb4 Qxb4 24. Ra3 f5 25. gxf5 Bxf5 26. c4 Rc7 27. Nc3 Rb8 28. Rc2 g4 29. Ne4 Bg5+ 30. Nxg5 Bxc2 31. Qxc2 Qe1+ 32. Qd1 Qxf2 33. Qd3 Qxb2+ 34. Kd1 Qb1+ 35. Qxb1 Rxb1+ 36. Ke2 hxg5 37. Rxa4 Rf7 0-1

[Event "Tamil Nadu IM 5th"]
[Site "Chennai"]
[Date "2023.11.14"]
[Round "5"]
[White "Prasannaa, S."]
[Black "Surendran, N."]
[Result "0-1"]
[WhiteElo "2120"]
[BlackElo "2174"]
[PlyCount "108"]
[EventDate "2023.11.12"]
[EventType "tourn"]
[EventRounds "9"]
[EventCountry "IND"]
[EventCategory "1"]
[SourceTitle "CB48_2023"]
[SourceDate "2023.11.29"]
[SourceVersion "1"]
[SourceVersionDate "2023.11.29"]
[SourceQuality "1"]

1. e4 c5 2. Nf3 d6 3. d4 cxd4 4. Nxd4 Nf6 5. Nc3 a6 6. Be2 e5 7. Nb3 Be7 8. Be3 Be6 9. 0-0 0-0 10. Qd2 Nbd7 11. a4 Nb6 12. a5 Nc4 13. Bxc4 Bxc4 14. Rfd1 h6 15. f3 Qe8 16. Bb6 Rc8 17. Kh1 Qc6 18. Nc1 Nd7 19. Be3 Be6 20. Nd3 Qc4 21. Ra4 Qc7 22. Nb4 Nf6 23. Raa1 Qc4 24. Na4 Qb5 25. Nb6 Rcd8 26. N4d5 Nxd5 27. exd5 Bc8 28. Ra3 Qe8 29. Rb3 Bd7 30. Rc3 f5 31. Rc7 f4 32. Bg1 e4 33. fxe4 Bg4 34. Rf1 f3 35. Bd4 Qh5 36. g3 f2 37. Rxf2 Rxf2 38. Bxf2 Bh3 39. Rc3 Rf8 40. Kg1 Bf6 41. Rd3 Bd4 42. Nc4 Rxf2 43. Qxf2 Bxf2+ 44. Kxf2 Bg4 45. h4 Qf7+ 46. Ke3 Qf3+ 47. Kd4 Qf2+ 48. Ne3 Be2 49. b4 Bxd3 50. Kxd3 Qxg3 51. c4 Qe1 52. Nc2 Qd1+ 53. Kc3 Qf3+ 54. Kd4 Qb3 0-1

[Event "Tamil Nadu IM 5th"]
[Site "Chennai"]
[Date "2023.11.12"]
[Round "1"]
[White "Abdyjapar, Asyl"]
[Black "Surendran, N."]
[Result "1-0"]
[WhiteElo "2326"]
[BlackElo "2174"]
[PlyCount "109"]
[EventDate "2023.11.12"]
[EventType "tourn"]
[EventRounds "9"]
[EventCountry "IND"]
[EventCategory "1"]
[SourceTitle "CB48_2023"]
[SourceDate "2023.11.29"]
[SourceVersion "1"]
[SourceVersionDate "2023.11.29"]
[SourceQuality "1"]

1. e4 c5 2. Nf3 d6 3. d4 cxd4 4. Nxd4 Nf6 5. Nc3 a6 6. Be2 e5 7. Nf3 Be7 8. Bg5 Be6 9. Bxf6 Bxf6 10. Qd2 0-0 11. 0-0 Nc6 12. Nd5 Bxd5 13. Qxd5 Qb6 14. Qb3 Qxb3 15. axb3 Rad8 16. Bc4 Nd4 17. Ne1 Rc8 18. c3 Ne6 19. Nc2 Rfd8 20. Rfd1 Bg5 21. g3 g6 22. h4 Be7 23. Kg2 h5 24. Bd5 Rc7 25. Ne3 Kg7 26. b4 Bf8 27. Rd3 Rdc8 28. Bb3 Rc6 29. Ba4 b5 30. Bb3 Nc7 31. Rdd1 Ra8 32. Ra2 Ra7 33. Rda1 Be7 34. Kf3 Bd8 35. Ke2 Be7 36. Rf1 Ne6 37. Bd5 Rb6 38. Kd3 Bd8 39. Bb3 Rc6 40. Bd5 Rb6 41. Raa1 Rb8 42. Rh1 Bb6 43. Ra2 Bd8 44. Rha1 Rb6 45. Ra5 Nc7 46. Bb3 Ne6 47. Nd5 Rc6 48. Rxb5 Rc8 49. Ne3 Rca8 50. Rd5 a5 51. Rxd6 Be7 52. Rc6 Nd8 53. Rb6 Rb7 54. Rxb7 Nxb7 55. Bd5 1-0

[Event "Sivakasi Mahalingam Cup"]
[Site "Sivakasi"]
[Date "2023.07.21"]
[Round "2"]
[White "Sanjay, Ganesh Pandi"]
[Black "Surendran, N."]
[Result "0-1"]
[WhiteElo "1445"]
[BlackElo "2197"]
[PlyCount "94"]
[EventDate "2023.07.21"]
[EventType "swiss"]
[EventRounds "9"]
[EventCountry "IND"]
[SourceTitle "EXT 2024"]
[Source "ChessBase"]
[SourceDate "2023.10.10"]
[SourceVersion "1"]
[SourceVersionDate "2023.10.10"]
[SourceQuality "1"]

1. d4 Nf6 2. Nc3 d5 3. Bf4 e6 4. Nb5 Na6 5. e3 Be7 6. Nf3 0-0 7. g4 c6 8. Nc3 Qa5 9. Nd2 c5 10. Nb3 Qb6 11. g5 Nd7 12. a4 Nb4 13. a5 Qd8 14. Nb5 Na6 15. h4 c4 16. Nd2 Ndb8 17. b3 cxb3 18. Nxb3 Bd7 19. c3 Bxb5 20. Bxb5 Bd6 21. h5 Qc7 22. Bxd6 Qxd6 23. Bd3 e5 24. dxe5 Qxe5 25. Qc2 Qxg5 26. Bxh7+ Kh8 27. 0-0-0 Nc6 28. Rhg1 Qh6 29. Bf5 b6 30. Rg4 Rfd8 31. Rdg1 Rg8 32. f4 Ne7 33. Bd3 Nc5 34. Nxc5 bxc5 35. Qf2 d4 36. exd4 cxd4 37. Qh4 Nd5 38. Qg5 Qd6 39. Qf5 Qa3+ 40. Kd2 Qxc3+ 41. Ke2 Rae8+ 42. Kf2 Qd2+ 43. Kg3 Re3+ 44. Kh4 Qh2+ 45. Kg5 f6+ 46. Kg6 Ne7+ 47. Kf7 Qa2+ 0-1

[Event "IND-ch 59th"]
[Site "New Delhi"]
[Date "2023.01.03"]
[Round "13"]
[White "Pattnayak, Nilsu"]
[Black "Surendran, N."]
[Result "0-1"]
[WhiteElo "1956"]
[BlackElo "2168"]
[PlyCount "68"]
[EventDate "2022.12.22"]
[EventType "swiss"]
[EventRounds "13"]
[EventCountry "IND"]
[SourceTitle "CBM 211 Extra"]
[Source "ChessBase"]
[SourceDate "2023.01.31"]
[SourceVersion "1"]
[SourceVersionDate "2023.01.31"]
[SourceQuality "1"]

1. e4 c5 2. Nf3 d6 3. Bb5+ Nd7 4. 0-0 a6 5. Bd3 Ngf6 6. c3 b5 7. Bc2 Bb7 8. Re1 c4 9. a4 e6 10. axb5 axb5 11. Rxa8 Qxa8 12. Na3 Bxe4 13. Bxe4 Nxe4 14. d3 cxd3 15. Qxd3 d5 16. Nxb5 Qb7 17. Ng5 Ndc5 18. Qe2 Be7 19. Nxe4 Nxe4 20. f3 Nf6 21. Bf4 0-0 22. b4 Rc8 23. Be5 Rc4 24. Nd4 Nd7 25. Rb1 Nxe5 26. Qxe5 h6 27. Qe3 Bf6 28. Ne2 Qc7 29. b5 Be7 30. Qd3 Bc5+ 31. Kh1 Bb6 32. g3 Qc5 33. Rb3 Qf2 34. Rb1 Ra4 0-1

[Event "IND-ch 59th"]
[Site "New Delhi"]
[Date "2022.12.29"]
[Round "8"]
[White "Harshavardhan, GB."]
[Black "Surendran, N."]
[Result "1/2-1/2"]
[WhiteElo "2434"]
[BlackElo "2168"]
[PlyCount "78"]
[EventDate "2022.12.22"]
[EventType "swiss"]
[EventRounds "13"]
[EventCountry "IND"]
[SourceTitle "CBM 211 Extra"]
[Source "ChessBase"]
[SourceDate "2023.01.31"]
[SourceVersion "1"]
[SourceVersionDate "2023.01.31"]
[SourceQuality "1"]

1. e4 c5 2. Nf3 d6 3. d4 cxd4 4. Nxd4 Nf6 5. Nc3 a6 6. Bg5 e6 7. f4 Be7 8. Qf3 Qc7 9. 0-0-0 Nbd7 10. g4 b5 11. Bxf6 Nxf6 12. g5 Nd7 13. f5 0-0 14. Qh5 b4 15. Rd3 bxc3 16. Rxc3 Qb6 17. Nc6 Bf6 18. e5 g6 19. Qh4 Bxe5 20. Ne7+ Kh8 21. fxg6 fxg6 22. Nxg6+ Kg7 23. Qh6+ Kg8 24. Ne7+ Kh8 25. Ng6+ Kg8 26. Bh3 Re8 27. Nxe5 Nxe5 28. Rxc8 Nd3+ 29. Kd1 Nxb2+ 30. Ke2 Qb5+ 31. Kf2 Nd3+ 32. cxd3 Qb2+ 33. Kf3 Raxc8 34. Bxe6+ Kh8 35. Bxc8 Qe2+ 36. Kg3 Re3+ 37. Kh4 Qf2+ 38. Kh5 Qe2+ 39. Kh4 Qf2+ 1/2-1/2

[Event "IND-ch 59th"]
[Site "New Delhi"]
[Date "2022.12.23"]
[Round "2"]
[White "Krishna, C Revanth Gopala"]
[Black "Surendran, N."]
[Result "1-0"]
[WhiteElo "2480"]
[BlackElo "2168"]
[PlyCount "77"]
[EventDate "2022.12.22"]
[EventType "swiss"]
[EventRounds "13"]
[EventCountry "IND"]
[SourceTitle "CBM 211 Extra"]
[Source "ChessBase"]
[SourceDate "2023.01.31"]
[SourceVersion "1"]
[SourceVersionDate "2023.01.31"]
[SourceQuality "1"]

1. d4 Nf6 2. c4 e6 3. g3 d5 4. Bg2 Bb4+ 5. Nd2 0-0 6. Ngf3 dxc4 7. Qc2 b5 8. a4 c6 9. axb5 cxb5 10. Ng5 h6 11. Bxa8 hxg5 12. 0-0 Qxd4 13. Nf3 Qb6 14. Nxg5 Nbd7 15. Bg2 a5 16. Bd2 Bb7 17. Bxb7 Qxb7 18. Rad1 Rc8 19. Bxb4 axb4 20. Rd4 b3 21. Qc1 e5 22. Rh4 Nf8 23. f4 Qb6+ 24. Kg2 Ng6 25. fxe5 Qc6+ 26. Kh3 Qd7+ 27. e6 fxe6 28. Rd1 Qe8 29. Rhd4 e5 30. Rd6 Nf8 31. Kg2 b4 32. Qe3 c3 33. Ne4 Rc6 34. bxc3 Nxe4 35. Qxe4 Rxd6 36. Rxd6 Qb8 37. Qd5+ Kh7 38. Rd8 Qa7 39. Qxb3 1-0

[Event "IND-ch 57th"]
[Site "Majitar"]
[Date "2019.12.18"]
[Round "10"]
[White "Surendran, N."]
[Black "Krishna, C Revanth Gopala"]
[Result "1/2-1/2"]
[WhiteElo "2142"]
[BlackElo "2459"]
[PlyCount "164"]
[EventDate "2019.12.10"]
[EventType "swiss"]
[EventRounds "11"]
[EventCountry "IND"]
[SourceTitle "CBM 193 Extra"]
[Source "ChessBase"]
[SourceDate "2020.01.31"]
[SourceVersion "1"]
[SourceVersionDate "2020.01.31"]
[SourceQuality "1"]

1. c4 f5 2. Nc3 Nf6 3. g3 g6 4. Bg2 Bg7 5. Nf3 d6 6. d4 0-0 7. 0-0 e6 8. b3 Nc6 9. Bb2 Ne4 10. e3 Nxc3 11. Bxc3 Qe7 12. Qd2 e5 13. Qb2 g5 14. dxe5 dxe5 15. g4 fxg4 16. Nd2 Bf5 17. Ne4 Rad8 18. Ng3 Bg6 19. Rfd1 h5 20. Ne4 Nb8 21. Rxd8 Rxd8 22. Qe2 Nd7 23. Rd1 Nf8 24. Rd3 b6 25. Qd2 Rxd3 26. Qxd3 Kh7 27. Qd5 Kh6 28. c5 Qd7 29. Qxd7 Nxd7 30. c6 Nb8 31. Nd2 Be8 32. Nc4 Nxc6 33. Be4 b5 34. Bxc6 Bxc6 35. Nxe5 Bd5 36. Kf1 a5 37. Ke1 a4 38. bxa4 bxa4 39. a3 Bf8 40. Bb2 Bd6 41. Kd2 Kh7 42. Kd3 Kg8 43. e4 Ba2 44. Nd7 Kf7 45. e5 Be7 46. Nf6 Kg6 47. Ne8 Bd8 48. Ke4 Bf7 49. Nf6 c6 50. Kd3 Be6 51. Ne8 Bb6 52. Ke2 h4 53. Nd6 Bd5 54. Ne8 Kf5 55. Ng7+ Kg6 56. Ne8 Kf7 57. Nd6+ Ke6 58. Ne8 Bf3+ 59. Kf1 Kf7 60. Nd6+ Ke6 61. Ne8 c5 62. Ng7+ Kd5 63. Nf5 Bc7 64. Nd6 Ke6 65. Bc3 Bd5 66. Ke1 c4 67. Ke2 Bb6 68. Ne8 Bf3+ 69. Ke1 Bc5 70. Bb2 c3 71. Bxc3 Bxa3 72. Ng7+ Kd5 73. e6 Bf8 74. Bf6 Kd6 75. e7 Bxe7 76. Nf5+ Ke6 77. Bxe7 Kxf5 78. Kd2 Kf4 79. Bd6+ Ke4 80. Be7 a3 81. Bxa3 g3 82. fxg3 h3 1/2-1/2

[Event "IND-ch 57th"]
[Site "Majitar"]
[Date "2019.12.15"]
[Round "7"]
[White "Konguvel, Ponnuswamy"]
[Black "Surendran, N."]
[Result "1-0"]
[WhiteElo "2367"]
[BlackElo "2142"]
[PlyCount "103"]
[EventDate "2019.12.10"]
[EventType "swiss"]
[EventRounds "11"]
[EventCountry "IND"]
[SourceTitle "CBM 193 Extra"]
[Source "ChessBase"]
[SourceDate "2020.01.31"]
[SourceVersion "1"]
[SourceVersionDate "2020.01.31"]
[SourceQuality "1"]

1. e4 c5 2. Nf3 d6 3. d4 cxd4 4. Nxd4 Nf6 5. Nc3 a6 6. Bg5 Nbd7 7. Bc4 Qb6 8. Bb3 e6 9. Qd2 Be7 10. 0-0-0 Nc5 11. Rhe1 Qc7 12. f4 h6 13. e5 dxe5 14. fxe5 Nh7 15. Bxe7 Qxe7 16. Ne4 Nxe4 17. Rxe4 Nf8 18. Ne2 Bd7 19. Rg4 Ng6 20. Rxg6 fxg6 21. Nf4 Rg8 22. Nxg6 Qg5 23. Nf4 0-0-0 24. Nxe6 Qxd2+ 25. Rxd2 Rde8 26. Nc5 Rgf8 27. Rxd7 b6 28. Bf7 Rxe5 29. Ra7 Kb8 30. Nd7+ Kxa7 31. Nxe5 Rc8 32. Bd5 b5 33. b4 Re8 34. Nd3 Kb6 35. Kd2 a5 36. a3 g5 37. h3 Re7 38. Bf3 Re8 39. Kc3 Rc8+ 40. Nc5 Rd8 41. Nb3 Rc8+ 42. Kd3 Rd8+ 43. Nd4 Rf8 44. Be2 Rf2 45. Bf3 Rf1 46. bxa5+ Kxa5 47. Bc6 b4 48. axb4+ Kxb4 49. Bf3 Re1 50. Nf5 Re6 51. Kd4 Rb6 52. c4 1-0

[Event "Hyderabad op 3rd"]
[Site "Hyderabad"]
[Date "2019.08.26"]
[Round "9"]
[White "Sammed Jaykumar, Shete"]
[Black "Surendran, N."]
[Result "1-0"]
[WhiteElo "2416"]
[BlackElo "2152"]
[PlyCount "69"]
[EventDate "2019.08.20"]
[EventType "swiss"]
[EventRounds "10"]
[EventCountry "IND"]
[SourceTitle "EXT 2020"]
[Source "ChessBase"]
[SourceDate "2019.10.17"]
[SourceVersion "1"]
[SourceVersionDate "2019.10.17"]
[SourceQuality "1"]

1. d4 Nf6 2. c4 e6 3. Nc3 Bb4 4. e3 0-0 5. Bd3 d5 6. Nf3 b6 7. 0-0 Bb7 8. cxd5 exd5 9. Ne5 Re8 10. f4 Bf8 11. g4 Ne4 12. Qc2 Nd7 13. Nxe4 dxe4 14. Bxe4 Bxe4 15. Qxe4 c5 16. Qf3 cxd4 17. Nxf7 Kxf7 18. Qd5+ Kf6 19. g5+ Ke7 20. exd4 Qc8 21. f5 Kd8 22. Bf4 Rb8 23. Rac1 Qb7 24. Bc7+ Qxc7 25. Rxc7 Kxc7 26. Rc1+ Kd8 27. Qc6 Re7 28. f6 gxf6 29. gxf6 Re3 30. Kf2 Bh6 31. f7 Bf4 32. f8Q+ Nxf8 33. Qf6+ Kd7 34. Qxf4 Re6 35. Qc7+ 1-0

[Event "Hyderabad op 3rd"]
[Site "Hyderabad"]
[Date "2019.08.25"]
[Round "8"]
[White "Surendran, N."]
[Black "Sa, Kannan"]
[Result "1-0"]
[WhiteElo "2152"]
[BlackElo "2021"]
[PlyCount "83"]
[EventDate "2019.08.20"]
[EventType "swiss"]
[EventRounds "10"]
[EventCountry "IND"]
[SourceTitle "EXT 2020"]
[Source "ChessBase"]
[SourceDate "2019.10.17"]
[SourceVersion "1"]
[SourceVersionDate "2019.10.17"]
[SourceQuality "1"]

1. c4 e6 2. Nf3 Nf6 3. d4 d5 4. Nc3 c6 5. e3 Nbd7 6. Qc2 Bd6 7. Bd3 0-0 8. 0-0 dxc4 9. Bxc4 e5 10. h3 Qe7 11. Bb3 b6 12. Nh4 Re8 13. Nf5 Qf8 14. Nxd6 Qxd6 15. dxe5 Nxe5 16. Rd1 Qe7 17. e4 Nh5 18. f4 Ng6 19. Qf2 Kh8 20. e5 f5 21. Rd6 Ba6 22. Re6 Qb4 23. Rxe8+ Rxe8 24. g3 Rd8 25. Be3 Nf8 26. g4 fxg4 27. hxg4 Nxf4 28. Qxf4 Qxf4 29. Bxf4 Rd4 30. Be3 Rxg4+ 31. Kf2 g5 32. Bd1 Rb4 33. Bxg5 Rxb2+ 34. Ke3 Kg7 35. Bf6+ Kf7 36. Bb3+ Ke8 37. Rd1 Nd7 38. Rg1 Nc5 39. e6 Kf8 40. Rg8+ Kxg8 41. e7+ Rxb3 42. e8Q# 1-0